| 000 | 00396nam a2200145Ia 4500 | ||
|---|---|---|---|
| 008 | 230917s9999||||xx |||||||||||||| ||und|| | ||
| 040 |
_e5002583 _aMAIN |
||
| 041 | _aEnglish | ||
| 082 | _a158.3 S16C | ||
| 100 | _aShallu | ||
| 245 | 0 | _aComparative efficacy positive psychotherapy and cognitive behavioural therapy in major depressive disorder | |
| 260 | _c2021 | ||
| 300 | _a164 p. | ||
| 942 | _cBK | ||
| 999 |
_c9217 _d9217 |
||